000 01168nam a2200265 a 4500
001 000046317
005 20201002052802.0
008 100908s2003 dr d 000 0 spa d
040 _aDO-SdBNP
_bspa
_cBNPHU
082 _a510.2433
_bV468ma
100 1 _aVentura Muñoz, Eduardo
_929603
245 1 0 _aMatemáticas financieras /
_cEduardo Ventura Muñoz, Lorenzo Ramírez G.
246 1 2 _aMatemáticas financieras I
_bdepartamento de matemáticas /
260 _aSanto Domingo :
_bUCSD,
_c2003.
300 _a110 p. :
_bdiagr. ;
_c28 cm.
490 1 _aAlandar
505 0 _aunidad I --
_tDescuentos comerciales --
_tunidad II --
_tInterés simple --
_tunidad III --
_tValor actual - Descuento bancario --
_tunidad IV --
_tPagos Parciales --
_tunidad V --
_tMonto a interés compuesto --
_tunidad VI --
_tValor actual a interés compuesto --
590 _aInventariado, 2019/MFF
650 4 _aMatemáticas financieras
_97099
650 4 _aMatemáticas financieras
_xProblemas, ejercicios, etc.
_97100
700 1 _aRamírez G., Lorenzo
_974339
710 1 _aUniversidad Católica Santo Domingo
_91478
830 0 _aAlandar
_974340
910 _aValidado. Control de calidad MFF
999 _c45806
_d45806